| 000 | 01083cam a22002411 4500 | ||
|---|---|---|---|
| 001 | gs 25000005 | ||
| 003 | DLC | ||
| 005 | 20260227111329.0 | ||
| 008 | 840928s1924 dcuabf b f000 0 eng c | ||
| 010 | _ags 25000005 | ||
| 035 | _a(OCoLC)11209414 | ||
| 040 |
_aU.S. Geol. survey. Library _cCLS _dOCoLC _dDLC _dWaU _dDLC |
||
| 050 | 0 | 0 |
_aTC801 _b.U2 no. 519 |
| 100 | 1 |
_aClark, William O. _q(William Otterbein), _d1874-1952. |
|
| 245 | 1 | 0 |
_aGround water in Santa Clara valley, California, _cby William O. Clark. Prepared in cooperation with the Department of engineering of the state of California. |
| 260 |
_aWashington, _bU.S. Govt. Print. Off., _c1924. |
||
| 300 |
_avii, 209 p. _billus., XIX pl. (part fold., incl. maps, profiles, diagrs.) tables. _c24 cm. |
||
| 490 | 0 |
_aU.S. Geological survey. Water-supply paper _v519 |
|
| 500 | _aAt head of title: Department of the interior. | ||
| 504 | _aBibliographical references. | ||
| 650 | 0 |
_aWater-supply _zCalifornia _zSanta Clara Valley (Santa Clara County) |
|
| 650 | 0 |
_aGroundwater _zCalifornia _zSanta Clara Valley (Santa Clara County) |
|
| 999 |
_c26354 _d26354 |
||